000 00533nam a2200181Ia 4500
003 OSt
005 20260108112347.0
008 210210b1953 xxu||||| |||| 00| 0 eng d
040 _cAL
041 _aKannada
082 _a859/1178
100 _aBALAKRASHNAN PERDALKAR (Ku)
_9146386
_dಬಾಲಕೃಷ್ಣನ್ ಪೆರ್ಡಾಳ್ಕರ್ (ಕು)
245 _aMandara male:
_bಮಂದಾರ ಮಾಲೆ
260 _aKasaragodu
_b-
_c1953
690 _aKannada Fiction
_9146387
906 _a021922
942 _2ddc
_cBK
999 _c146028
_d146028